[Event "HUN-chT Region CSB"]
[Site "Hungary"]
[Date "2022.04.09"]
[Round "9.1"]
[White "Sebok, Daniel"]
[Black "Laszlo, Imre"]
[Result "0-1"]
[WhiteElo "1174"]
[BlackElo "2065"]
[PlyCount "76"]
[EventDate "2021.11.06"]
[EventType "team-swiss"]
[EventRounds "10"]
[EventCountry "HUN"]
[SourceTitle "EXT 2023"]
[Source "ChessBase"]
[SourceDate "2022.10.05"]
[SourceVersion "1"]
[SourceVersionDate "2022.10.05"]
[SourceQuality "1"]
[WhiteTeam "Gyor Arrabona"]
[BlackTeam "Tatabanya"]
[WhiteTeamCountry "HUN"]
[BlackTeamCountry "HUN"]

1. d4 Nf6 2. Bf4 c5 3. c3 b6 4. e3 Bb7 5. Nd2 g6 6. Ngf3 Bg7 7. Bd3 d5 8. 0-0 0-0 9. Re1 Nh5 10. Bg3 Nxg3 11. fxg3 Nc6 12. e4 cxd4 13. exd5 Qxd5 14. c4 Qd7 15. Rc1 Rac8 16. a3 e5 17. b4 f6 18. c5 bxc5 19. bxc5 Ne7 20. Be4 Bd5 21. Qc2 f5 22. Bxd5+ Qxd5 23. Qc4 Qxc4 24. Rxc4 Nc6 25. Nb3 Rb8 26. Rb1 Rf7 27. Ng5 Rfb7 28. Ne6 Rxb3 29. Rxb3 Rxb3 30. Ra4 Kf7 31. Ng5+ Ke7 32. Ra6 Kd7 33. Nf7 e4 34. Ra4 d3 35. Rc4 d2 36. Nd6 d1Q+ 37. Kf2 Qd2+ 38. Kf1 Rb1+ 0-1

[Event "HUN-chT2 Breyer 1819"]
[Site "Hungary"]
[Date "2019.02.24"]
[Round "6.9"]
[White "Fellegi, Tibor"]
[Black "Laszlo, Imre"]
[Result "0-1"]
[WhiteElo "1929"]
[BlackElo "2121"]
[PlyCount "38"]
[EventDate "2018.10.28"]
[EventType "team-tourn"]
[EventRounds "9"]
[EventCountry "HUN"]
[SourceTitle "CBM 189 Extra"]
[Source "ChessBase"]
[SourceDate "2019.06.03"]
[SourceVersion "1"]
[SourceVersionDate "2019.06.03"]
[SourceQuality "1"]
[WhiteTeam "Szekesfehervar"]
[BlackTeam "Naszaly Geniusz Tata"]
[WhiteTeamCountry "HUN"]
[BlackTeamCountry "HUN"]

1. e4 c5 2. Bc4 Nc6 3. d3 g6 4. f4 d6 5. Nf3 Bg7 6. Nc3 e6 7. 0-0 Nge7 8. Qe1 Nd4 9. Nxd4 cxd4 10. Ne2 0-0 11. Bb3 Kh8 12. f5 exf5 13. Ng3 fxe4 14. Nxe4 f6 15. Bd2 a5 16. h3 a4 17. Bc4 d5 18. Bb4 dxc4 19. Nxf6 Rxf6 0-1

[Event "HUN-chT2 Breyer 1819"]
[Site "Hungary"]
[Date "2019.02.10"]
[Round "5.10"]
[White "Laszlo, Imre"]
[Black "Gardo, Jozsef"]
[Result "1-0"]
[WhiteElo "2121"]
[BlackElo "1836"]
[PlyCount "61"]
[EventDate "2018.10.28"]
[EventType "team-tourn"]
[EventRounds "9"]
[EventCountry "HUN"]
[SourceTitle "CBM 189 Extra"]
[Source "ChessBase"]
[SourceDate "2019.06.03"]
[SourceVersion "1"]
[SourceVersionDate "2019.06.03"]
[SourceQuality "1"]
[WhiteTeam "Naszaly Geniusz Tata"]
[BlackTeam "Budapest HASE"]
[WhiteTeamCountry "HUN"]
[BlackTeamCountry "HUN"]

1. e4 e5 2. Nf3 Nc6 3. Bb5 a6 4. Ba4 Nf6 5. d3 b5 6. Bb3 Be7 7. c3 0-0 8. 0-0 d6 9. Re1 Na5 10. Bc2 c5 11. Nbd2 Qc7 12. Nf1 Nc6 13. h3 h6 14. N3h2 d5 15. Qf3 dxe4 16. dxe4 Be6 17. Ng3 Nh7 18. Nf5 Bf6 19. Ng4 Bg5 20. Nge3 Rad8 21. h4 Bxf5 22. hxg5 Bg6 23. gxh6 Ng5 24. Qg4 gxh6 25. Nd5 Qc8 26. Qh4 Kg7 27. Bxg5 hxg5 28. Qxg5 f6 29. Qg3 Nb8 30. Ne7 Qd7 31. Qxg6+ 1-0

[Event "HUN-chT2 Breyer 1718"]
[Site "Hungary"]
[Date "2018.03.25"]
[Round "10.7"]
[White "Laszlo, Imre"]
[Black "Szabo, Pal1111"]
[Result "1-0"]
[WhiteElo "2111"]
[BlackElo "1938"]
[PlyCount "125"]
[EventDate "2017.09.24"]
[EventType "team-tourn"]
[EventRounds "11"]
[EventCountry "HUN"]
[SourceTitle "EXT 2021"]
[Source "ChessBase"]
[SourceDate "2020.10.23"]
[SourceVersion "1"]
[SourceVersionDate "2020.10.23"]
[SourceQuality "1"]
[WhiteTeam "Naszaly Geniusz Tata"]
[BlackTeam "Esztergom"]
[WhiteTeamCountry "HUN"]
[BlackTeamCountry "HUN"]

1. e4 e5 2. Nf3 Nf6 3. Nxe5 d6 4. Nf3 Nxe4 5. d3 Nf6 6. d4 d5 7. Bd3 Bd6 8. 0-0 0-0 9. h3 h6 10. c4 c5 11. Nc3 dxc4 12. Bxc4 cxd4 13. Nxd4 a6 14. Be3 b5 15. Qf3 Ra7 16. Nf5 Rd7 17. Nxd6 Rxd6 18. Bb3 Be6 19. Bc2 Re8 20. Rfd1 Rxd1+ 21. Rxd1 Qe7 22. a3 Rc8 23. Bf4 Nc6 24. Rd6 b4 25. Rxc6 bxc3 26. Rxc8+ Bxc8 27. Qxc3 Bb7 28. Qe5 Qxe5 29. Bxe5 Ne4 30. f3 Nc5 31. b4 Ne6 32. Kf2 Kf8 33. Ke3 Ke7 34. h4 f6 35. Bb8 g5 36. g3 Nd8 37. Ba7 Ne6 38. Be4 Bc8 39. f4 Ng7 40. Bc5+ Kf7 41. hxg5 hxg5 42. Bd5+ Kg6 43. fxg5 Nf5+ 44. Kf3 fxg5 45. a4 Bd7 46. Bb7 Bxa4 47. Bxa6 Bc6+ 48. Kf2 Kh5 49. b5 Bd5 50. b6 Kg4 51. Bc8 Bc6 52. Bd6 Be4 53. Bc7 Bd5 54. b7 Bxb7 55. Bxb7 Nd4 56. Bd5 Nc2 57. Be6+ Kh5 58. Be5 Na3 59. Ke2 Kg6 60. Kd2 Kh5 61. Kc1 Nb5 62. Kb2 Na7 63. Bd7 1-0

[Event "HUN-chT2 Breyer 1617"]
[Site "Hungary"]
[Date "2017.02.12"]
[Round "6.9"]
[White "Nagy, Csaba1111"]
[Black "Laszlo, Imre"]
[Result "1/2-1/2"]
[WhiteElo "1970"]
[BlackElo "2097"]
[PlyCount "25"]
[EventDate "2016.10.30"]
[EventType "team-tourn"]
[EventRounds "9"]
[EventCountry "HUN"]
[SourceTitle "EXT 2021"]
[Source "ChessBase"]
[SourceDate "2020.10.23"]
[SourceVersion "1"]
[SourceVersionDate "2020.10.23"]
[SourceQuality "1"]
[WhiteTeam "Vizugy"]
[BlackTeam "Naszaly Geniusz Tata"]
[WhiteTeamCountry "HUN"]
[BlackTeamCountry "HUN"]

1. e4 c5 2. Nf3 d6 3. d4 cxd4 4. Nxd4 Nf6 5. Nc3 a6 6. Rg1 e5 7. Nb3 h5 8. Bg5 Be7 9. Be2 Nbd7 10. h4 Qc7 11. g4 hxg4 12. Bxg4 Nb6 13. Be2 1/2-1/2

[Event "HUN-chT2 Breyer 1516"]
[Site "Hungary"]
[Date "2016.02.28"]
[Round "8.6"]
[White "Persanyi, Barnabas"]
[Black "Laszlo, Imre"]
[Result "1-0"]
[WhiteElo "1960"]
[BlackElo "2109"]
[PlyCount "129"]
[EventDate "2015.09.13"]
[EventType "team-tourn"]
[EventRounds "11"]
[EventCountry "HUN"]
[SourceTitle "EXT 2017"]
[Source "ChessBase"]
[SourceDate "2016.10.25"]
[SourceVersion "1"]
[SourceVersionDate "2016.10.25"]
[SourceQuality "1"]
[WhiteTeam "Zsambek"]
[BlackTeam "Naszaly Geniusz Tata"]
[WhiteTeamCountry "HUN"]
[BlackTeamCountry "HUN"]

1. e4 g6 2. d4 Bg7 3. Nc3 c6 4. h3 d6 5. Nf3 Nf6 6. a4 0-0 7. Be2 Re8 8. 0-0 Qc7 9. e5 Nd5 10. Nxd5 cxd5 11. Bf4 Nc6 12. exd6 exd6 13. Bb5 a6 14. Bxc6 Qxc6 15. c3 Bf5 16. Qd2 h5 17. Rfe1 Be4 18. Nh2 Re6 19. f3 Bf5 20. Rxe6 Bxe6 21. Nf1 Rb8 22. Ne3 f6 23. h4 Qd7 24. Qc2 Bf7 25. Re1 Rc8 26. Qb3 Qc6 27. Kf2 Re8 28. Nc2 Rxe1 29. Nxe1 Bf8 30. a5 Be8 31. Nd3 Qc4 32. Qxc4 dxc4 33. Nb4 Bf7 34. d5 Be7 35. Ke3 Be8 36. Nc2 Kf7 37. Na3 Bb5 38. Kd4 g5 39. Bg3 gxh4 40. Bxh4 Bd8 41. Nxc4 Bxc4 42. Kxc4 Bxa5 43. Bg3 Ke7 44. Kd4 f5 45. Ke3 Bb6+ 46. Kf4 Kf6 47. Bh4+ Kg6 48. Be7 Bg1 49. Kg3 Bc5 50. b4 Kf7 51. Bg5 Bb6 52. Bf4 a5 53. Bxd6 a4 54. b5 Be3 55. Ba3 f4+ 56. Kh4 Kf6 57. Kxh5 Ke5 58. d6 Bb6 59. c4 Bd8 60. c5 Kd5 61. Kg4 Bf6 62. Kxf4 Bd4 63. g4 b6 64. c6 Be5+ 65. Ke3 1-0

[Event "Budapest Art Pub Cup 7th"]
[Site "Budapest"]
[Date "2015.03.14"]
[Round "2"]
[White "Laszlo, Imre"]
[Black "Karacsonyi, Gellert"]
[Result "1-0"]
[WhiteElo "2120"]
[BlackElo "1917"]
[PlyCount "43"]
[EventDate "2015.03.13"]
[EventType "swiss"]
[EventRounds "6"]
[EventCountry "HUN"]
[SourceTitle "CBM 165 Extra"]
[Source "ChessBase"]
[SourceDate "2015.04.21"]
[SourceVersion "1"]
[SourceVersionDate "2015.04.21"]
[SourceQuality "1"]

1. d4 f5 2. g3 Nf6 3. Bg2 g6 4. Nh3 Bg7 5. Nd2 d6 6. d5 Nbd7 7. Nb3 Ne5 8. Nd4 0-0 9. Nf4 Re8 10. h4 h6 11. Qd2 h5 12. Qc3 Rb8 13. Be3 a6 14. Rc1 Nfg4 15. Bd2 Kh7 16. Nfe6 Qd7 17. f4 Nc6 18. dxc6 Qxe6 19. Nxe6 Bxc3 20. Ng5+ Kg8 21. Bxc3 Ne3 22. Bf3 1-0

[Event "HUN-chT2 Breyer 1415"]
[Site "Hungary"]
[Date "2015.03.01"]
[Round "?"]
[White "Laszlo, Imre"]
[Black "Szanto, Levente"]
[Result "1-0"]
[WhiteElo "2158"]
[BlackElo "1957"]
[PlyCount "67"]
[EventDate "2014.09.07"]
[EventType "team-tourn"]
[EventRounds "11"]
[EventCountry "HUN"]
[SourceTitle "EXT 2016"]
[Source "ChessBase"]
[SourceDate "2015.10.08"]
[SourceVersion "1"]
[SourceVersionDate "2015.10.08"]
[SourceQuality "1"]
[WhiteTeam "Geniusz Tata"]
[BlackTeam "Turul"]
[WhiteTeamCountry "HUN"]
[BlackTeamCountry "HUN"]

1. d4 Nf6 2. g3 e5 3. dxe5 Ng4 4. Nf3 Bc5 5. e3 Nc6 6. Bg2 Ngxe5 7. 0-0 d6 8. Nxe5 Nxe5 9. Nc3 Bg4 10. f3 Bd7 11. Kh1 h5 12. h3 Bc6 13. f4 Qd7 14. Bxc6 Nxc6 15. Kh2 0-0-0 16. a3 d5 17. b4 Be7 18. Ne2 Bf6 19. c3 Rhe8 20. Nd4 Bxd4 21. exd4 Re6 22. f5 Re4 23. Qxh5 Rde8 24. Ra2 Ne7 25. Qxf7 Qb5 26. Raf2 Nc6 27. Qxg7 Qc4 28. f6 Nd8 29. f7 Nxf7 30. Qxf7 R4e7 31. Qf3 b6 32. Bf4 Re2 33. Be5 Rxf2+ 34. Rxf2 1-0

[Event "Dunaujvaros op"]
[Site "Dunaujvaros"]
[Date "2013.10.13"]
[Round "6"]
[White "Terbe, Julianna"]
[Black "Laszlo, Imre"]
[Result "1/2-1/2"]
[WhiteElo "2003"]
[BlackElo "2158"]
[PlyCount "28"]
[EventDate "2013.10.11"]
[EventType "swiss"]
[EventRounds "6"]
[EventCountry "HUN"]
[SourceTitle "EXT 2019"]
[Source "ChessBase"]
[SourceDate "2018.10.10"]
[SourceVersion "1"]
[SourceVersionDate "2018.10.10"]
[SourceQuality "1"]

1. Nf3 Nf6 2. g3 g6 3. b3 Bg7 4. Bb2 0-0 5. Bg2 c5 6. 0-0 Nc6 7. c4 Rb8 8. Nc3 d5 9. Nxd5 Nxd5 10. Bxg7 Kxg7 11. cxd5 Qxd5 12. Qc2 b6 13. Qc3+ f6 14. Ng5 Qxg5 1/2-1/2

[Event "Dunaujvaros op"]
[Site "Dunaujvaros"]
[Date "2013.10.12"]
[Round "3"]
[White "Laszlo, Imre"]
[Black "Berta, Sandor Martin"]
[Result "1-0"]
[WhiteElo "2158"]
[BlackElo "1962"]
[PlyCount "63"]
[EventDate "2013.10.11"]
[EventType "swiss"]
[EventRounds "6"]
[EventCountry "HUN"]
[SourceTitle "EXT 2019"]
[Source "ChessBase"]
[SourceDate "2018.10.10"]
[SourceVersion "1"]
[SourceVersionDate "2018.10.10"]
[SourceQuality "1"]

1. e4 c5 2. Nf3 g6 3. d4 Bg7 4. Nc3 cxd4 5. Nxd4 Nc6 6. Be3 d6 7. Bc4 Nf6 8. h3 0-0 9. Bb3 Bd7 10. 0-0 Rc8 11. Qd2 a6 12. Rfe1 b5 13. Nxc6 Bxc6 14. Bh6 Qc7 15. Bxg7 Kxg7 16. Nd5 Bxd5 17. exd5 Qb7 18. Re3 Rc5 19. Rd1 Rfc8 20. a3 R8c7 21. Qd4 Kg8 22. c3 a5 23. f4 Rc8 24. g4 Qd7 25. Rde1 Re8 26. Qxf6 exf6 27. Rxe8+ Kg7 28. R1e7 Rc7 29. Rxd7 Rxd7 30. Rb8 a4 31. Bc2 Re7 32. Kf2 1-0

[Event "Dunaujvaros op"]
[Site "Dunaujvaros"]
[Date "2013.10.11"]
[Round "1"]
[White "Laszlo, Imre"]
[Black "Korosi, Eszter"]
[Result "1-0"]
[WhiteElo "2158"]
[BlackElo "1564"]
[PlyCount "49"]
[EventDate "2013.10.11"]
[EventType "swiss"]
[EventRounds "6"]
[EventCountry "HUN"]
[SourceTitle "EXT 2019"]
[Source "ChessBase"]
[SourceDate "2018.10.10"]
[SourceVersion "1"]
[SourceVersionDate "2018.10.10"]
[SourceQuality "1"]

1. e4 c5 2. Nf3 e6 3. d4 cxd4 4. Nxd4 a6 5. Bd3 Qc7 6. 0-0 Nc6 7. Nxc6 bxc6 8. c4 Ne7 9. Qe2 g6 10. Nc3 Bg7 11. f4 0-0 12. Be3 d5 13. Bc5 Re8 14. Rac1 Bh6 15. Qf2 dxe4 16. Nxe4 Bg7 17. Rcd1 Qb8 18. b3 Rd8 19. Qh4 Bd4+ 20. Bxd4 Rxd4 21. Qxe7 Bb7 22. Bc2 Rxd1 23. Bxd1 Qa7+ 24. Qc5 Qxc5+ 25. Nxc5 1-0

[Event "Budapest Art Pub Cup 2nd"]
[Site "Budapest"]
[Date "2013.08.09"]
[Round "1"]
[White "Laszlo, Imre"]
[Black "Kiss, Balazs3333"]
[Result "1-0"]
[WhiteElo "2177"]
[BlackElo "1779"]
[PlyCount "79"]
[EventDate "2013.08.09"]
[EventType "swiss"]
[EventRounds "6"]
[EventCountry "HUN"]
[SourceTitle "CBM 156 Extra"]
[Source "ChessBase"]
[SourceDate "2013.10.22"]
[SourceVersion "1"]
[SourceVersionDate "2013.10.22"]
[SourceQuality "1"]

1. e4 Nf6 2. e5 Nd5 3. d4 d6 4. c4 Nb6 5. exd6 exd6 6. Nc3 g6 7. Be3 Bg7 8. Rc1 0-0 9. Nf3 Bg4 10. h3 Bxf3 11. Qxf3 c6 12. Be2 N8d7 13. 0-0 Nf6 14. Rfd1 d5 15. c5 Nbd7 16. b4 a6 17. a4 Re8 18. Bd3 Nf8 19. Bf4 N6d7 20. Bb1 Ne6 21. Be3 Qh4 22. Qg4 Qxg4 23. hxg4 Bf6 24. g3 Bg5 25. f4 Bf6 26. Bf2 Bg7 27. Kg2 Nf6 28. Kf3 Nd7 29. Be3 b5 30. f5 Nef8 31. Bf4 f6 32. Bd3 g5 33. Bd6 Kf7 34. Ra1 h6 35. Ra2 Ra7 36. Rda1 Rb7 37. axb5 axb5 38. Ra7 Rxa7 39. Rxa7 Rc8 40. Bxf8 1-0

[Event "Komarom Esztergom County-chT"]
[Site "Hungary"]
[Date "2013.02.10"]
[Round "6.2"]
[White "Laszlo, Imre"]
[Black "Szabo, Laszlo4444"]
[Result "0-1"]
[WhiteElo "2185"]
[BlackElo "2063"]
[PlyCount "42"]
[EventDate "2012.09.29"]
[EventType "team-tourn"]
[EventRounds "10"]
[EventCountry "HUN"]
[SourceTitle "EXT 2014"]
[Source "ChessBase"]
[SourceDate "2013.11.20"]
[SourceVersion "1"]
[SourceVersionDate "2013.11.20"]
[SourceQuality "1"]
[WhiteTeam "Tata Naszaly"]
[BlackTeam "Acsi Kinizsi SC"]
[WhiteTeamCountry "HUN"]
[BlackTeamCountry "HUN"]

1. e4 c5 2. Nf3 Nc6 3. d4 cxd4 4. Nxd4 Nf6 5. Nc3 e5 6. Ndb5 d6 7. Bg5 a6 8. Na3 b5 9. Nd5 Be7 10. Bxf6 Bxf6 11. c4 b4 12. Nc2 0-0 13. Ndxb4 Nxb4 14. Nxb4 Qb6 15. Qd2 Rb8 16. Nd3 Qd4 17. f3 Be6 18. Rc1 Bxc4 19. b3 Be6 20. Nf2 Qxd2+ 21. Kxd2 Bg5+ 0-1

[Event "Komarom Esztergom County-chT"]
[Site "Hungary"]
[Date "2012.09.29"]
[Round "1.2"]
[White "Szabo, Laszlo4444"]
[Black "Laszlo, Imre"]
[Result "0-1"]
[WhiteElo "2063"]
[BlackElo "2185"]
[PlyCount "84"]
[EventDate "2012.09.29"]
[EventType "team-tourn"]
[EventRounds "10"]
[EventCountry "HUN"]
[SourceTitle "EXT 2014"]
[Source "ChessBase"]
[SourceDate "2013.11.20"]
[SourceVersion "1"]
[SourceVersionDate "2013.11.20"]
[SourceQuality "1"]
[WhiteTeam "Acsi Kinizsi SC"]
[BlackTeam "Tata Naszaly"]
[WhiteTeamCountry "HUN"]
[BlackTeamCountry "HUN"]

1. d4 Nf6 2. c4 c5 3. d5 b5 4. cxb5 a6 5. bxa6 Bxa6 6. Nc3 g6 7. g3 d6 8. Bg2 Bg7 9. Nf3 Nbd7 10. h3 0-0 11. 0-0 Qc7 12. Re1 Nb6 13. e4 Nfd7 14. Qc2 Rfb8 15. Rb1 Nc4 16. Rd1 Qa5 17. Bg5 Nxb2 18. Rxb2 Rxb2 19. Qxb2 Bxc3 20. Qc2 Bf6 21. Bxf6 exf6 22. Nh2 Bb5 23. Rd2 Qb4 24. Bf1 Ra4 25. Bxb5 Qxb5 26. Ng4 h5 27. Ne3 Qb4 28. f3 Ne5 29. Kf2 c4 30. Kg2 Ra3 31. Re2 Qc5 32. f4 Rxe3 33. Rxe3 Qxe3 34. fxe5 c3 35. Kf1 fxe5 36. a4 Qxg3 37. a5 Qxh3+ 38. Ke2 h4 39. a6 Qc8 40. Qa4 c2 41. a7 c1Q 42. a8Q h3 0-1